Datum a čas kvízu
19
Celkem bodů
Celkový počet nahraných bodů na tomto kvízu bez doplňovacích otázek.
11.
Pořadí na kvízu
Konečné umístění týmu na tomto kvízu.
Zaznamenané odpovědi
| # | Otázka | Odpověď | Body | Výsledky |
|---|---|---|---|---|
| 1. | Který český politik a lékař če... | Bohuslav Svoboda | 1 | |
| 2. | Po ulicích jednoho středoslove... | Liptovský Mikuláš | 1 | |
| 3. | Jak se nazývá soutěžní reality... | Peče celá země | 1 | |
| 4. | Automobilka Škoda představila... | Epiq | 1 | |
| 5. | Ke kuriózní situaci došlo v zá... | Arsenal, Chelsea | 0 | |
| 6. | Téma začneme v Evropě. Seřaďte... | 1B 2C 3D 4A | 1 | |
| 7. | V souvislosti s Che Guevarou s... | v Argentině | 0 | |
| 8. | Které z těchto zvířat nežije p... | C | 1 | |
| 9. | Kolik ostrovních států se nach... | jeden | 0 | |
| 10. | Jak se jmenuje ostrovní stát,... | Tonga | 0 |